Catálogo
 En Linea

Diplomacia constitucional / (Registro nro. 39204)

Detalles MARC
000 -CABECERA
campo de control de longitud fija 00674nam a2200193 a 4500
001 - NÚMERO DE CONTROL
campo de control 000039714
005 - FECHA Y HORA DE LA ÚLTIMA TRANSACCIÓN
campo de control 20201002033708.0
008 - DATOS DE LONGITUD FIJA--INFORMACIÓN GENERAL
campo de control de longitud fija 130717s1996 mx 000 0 spa d
020 ## - NÚMERO INTERNACIONAL ESTÁNDAR DEL LIBRO
Número Internacional Estándar del Libro 0691023050
040 ## - FUENTE DE LA CATALOGACIÓN
Centro catalogador/agencia de origen DO-SdBNP
Lengua de catalogación spa
Centro/agencia transcriptor BNPHU
082 ## - NÚMERO DE LA CLASIFICACIÓN DECIMAL DEWEY
Número de clasificación xxx
100 1# - ENTRADA PRINCIPAL--NOMBRE DE PERSONA
Nombre de persona Glennon, Michael J.
9 (RLIN) 65908
240 10 - TÍTULO UNIFORME
Título uniforme Constitutional diplomacy
Lenguaje de la obra español
245 10 - MENCIÓN DE TÍTULO
Título Diplomacia constitucional /
Mención de responsabilidad, etc. Michael J. Glennon ; prólogo J. William Fulbright ; traducción Francisco J. de Andrea.
260 ## - PUBLICACIÓN, DISTRIBUCIÓN, ETC.
Lugar de publicación, distribución, etc. México :
Nombre del editor, distribuidor, etc. Fondo de Cultura Económica,
Fecha de publicación, distribución, etc. 1996.
300 ## - DESCRIPCIÓN FÍSICA
Extensión 449 p. ;
Dimensiones 23 cm.
700 1# - PUNTO DE ACCESO ADICIONAL--NOMBRE DE PERSONA
Nombre de persona William Fulbright, J.,
Término indicativo de función/relación pról.
9 (RLIN) 65909
700 1# - PUNTO DE ACCESO ADICIONAL--NOMBRE DE PERSONA
Nombre de persona Andrea, Francisco J. de,
Término indicativo de función/relación tr.
9 (RLIN) 65910
Existencias
Estado de retiro Estado de pérdida Restricciones de uso No para préstamo Código de colección Localización permanente Ubicación/localización actual Ubicación en estantería Fecha de adquisición Número de inventario Total de préstamos Signatura topográfica completa Código de barras Fecha visto por última vez Precio válido a partir de Tipo de ítem Koha
      Excluido de préstamo Monografías: Libros y Folletos General General En catalogación 17.07.2013 LF1   xxx 39714-10 25.06.2020 25.06.2020 No se presta

Con tecnología Koha